Age of Shakespeare, 1579-1631 (Record no. 115)
[ view plain ]
| 000 -LEADER | |
|---|---|
| fixed length control field | 00412nam a2200133Ia 4500 |
| 008 - FIXED-LENGTH DATA ELEMENTS--GENERAL INFORMATION | |
| fixed length control field | 211109s9999||||xx |||||||||||||| ||und|| |
| 082 ## - DEWEY DECIMAL CLASSIFICATION NUMBER | |
| Classification number | 820.9003 |
| Item number | SIC-A |
| 100 ## - MAIN ENTRY--PERSONAL NAME | |
| Personal name | Siccomlie, Thomas & Allen, G W, |
| 245 #0 - TITLE STATEMENT | |
| Title | Age of Shakespeare, 1579-1631 |
| 260 ## - PUBLICATION, DISTRIBUTION, ETC. | |
| Name of publisher, distributor, etc. | NATIONAL BOOKSTALL |
| Place of publication, distribution, etc. | Kottayam |
| Date of publication, distribution, etc. | 1900 |
| 630 ## - SUBJECT ADDED ENTRY--UNIFORM TITLE | |
| General subdivision | General Stack |
| 650 ## - SUBJECT ADDED ENTRY--TOPICAL TERM | |
| Topical term or geographic name entry element | English Litertaure |
| 942 ## - ADDED ENTRY ELEMENTS (KOHA) | |
| Koha item type | BOOK |
| 650 ## - SUBJECT ADDED ENTRY--TOPICAL TERM | |
| Form subdivision | English DramaShakespeare, William |
| General subdivision | English |
| Withdrawn status | Lost status | Source of classification or shelving scheme | Damaged status | Not for loan | Home library | Current library | Date acquired | Cost, normal purchase price | Full call number | Barcode | Shelving location | Date last seen | Price effective from | Koha item type |
|---|---|---|---|---|---|---|---|---|---|---|---|---|---|---|
| Dewey Decimal Classification | SB LIBRARY | SB LIBRARY | 09/11/2021 | 100.00 | 820.9003 SEC-A | 00000107 | GENERAL STACK | 09/11/2021 | 09/11/2021 | BOOK |